Informe Proyecto OPTIMA : (Record no. 9015)
[ view plain ]
| 000 -LEADER | |
|---|---|
| campo de control de longitud fija | 02355nam a2200613Ia 4500 |
| 001 - NÚMERO DE CONTROL | |
| campo de control | 014300014301 |
| 008 - DATOS DE LONGITUD FIJA--INFORMACIÓN GENERAL | |
| campo de control de longitud fija | 221003m2001 xx 000 0 spa d |
| 035 ## - NÚMERO DE CONTROL DEL SISTEMA | |
| Número de control de sistema | CENDO_9016 |
| 041 ## - CÓDIGO DE IDIOMA | |
| Código de lengua del texto/banda sonora o título independiente | spa |
| 110 ## - ENTRADA PRINCIPAL--NOMBRE DE ENTIDAD CORPORATIVA | |
| Nombre de entidad corporativa o nombre de jurisdicción como elemento de entrada | CCOO |
| Unidad subordinada | Confederación Sindical |
| -- | Secretaría de la Mujer |
| Sede del congreso/Lugar de la reunión | Secretaría de la Mujer |
| 9 (RLIN) | 22055 |
| 245 #0 - MENCIÓN DEL TÍTULO | |
| Título | Informe Proyecto OPTIMA : |
| Resto del título | una nueva gestión de los recursos humanos : enero 1998-febrero 2000 |
| 260 ## - PUBLICACIÓN, DISTRIBUCIÓN, ETC. | |
| Lugar de publicación, distribución, etc. | [S.l. : |
| Nombre del editor, distribuidor, etc. | s.n.], |
| Fecha de publicación, distribución, etc. | 2001 |
| 300 ## - DESCRIPCIÓN FÍSICA | |
| Extensión | 2 vol. (pág. var.) ; |
| Dimensiones | 30 cm |
| 500 ## - NOTA GENERAL | |
| Nota general | Contiene : V. 1. Empresas Autonómicas . - V. 2. Empresas Estatales |
| 650 ## - PUNTO DE ACCESO ADICIONAL DE MATERIA--TÉRMINO DE MATERIA | |
| Término de materia o nombre geográfico como elemento de entrada | MUJERES |
| 9 (RLIN) | 199 |
| 650 #0 - PUNTO DE ACCESO ADICIONAL DE MATERIA--TÉRMINO DE MATERIA | |
| Término de materia o nombre geográfico como elemento de entrada | IGUALDAD DE OPORTUNIDADES |
| 9 (RLIN) | 590 |
| 650 ## - PUNTO DE ACCESO ADICIONAL DE MATERIA--TÉRMINO DE MATERIA | |
| Término de materia o nombre geográfico como elemento de entrada | PLAN DE ACCION |
| 9 (RLIN) | 1075 |
| 650 ## - PUNTO DE ACCESO ADICIONAL DE MATERIA--TÉRMINO DE MATERIA | |
| Término de materia o nombre geográfico como elemento de entrada | PROCESO AFIRMATIVO |
| 9 (RLIN) | 5782 |
| 650 ## - PUNTO DE ACCESO ADICIONAL DE MATERIA--TÉRMINO DE MATERIA | |
| Término de materia o nombre geográfico como elemento de entrada | ESTRATEGIA DE GESTION |
| 9 (RLIN) | 5425 |
| 650 ## - PUNTO DE ACCESO ADICIONAL DE MATERIA--TÉRMINO DE MATERIA | |
| Término de materia o nombre geográfico como elemento de entrada | RECURSOS HUMANOS |
| 9 (RLIN) | 29 |
| 650 ## - PUNTO DE ACCESO ADICIONAL DE MATERIA--TÉRMINO DE MATERIA | |
| Término de materia o nombre geográfico como elemento de entrada | INFORME DE PROYECTO |
| 9 (RLIN) | 8917 |
| 650 ## - PUNTO DE ACCESO ADICIONAL DE MATERIA--TÉRMINO DE MATERIA | |
| Término de materia o nombre geográfico como elemento de entrada | OPTIMA |
| 9 (RLIN) | 2109 |
| 710 ## - ENTRADA AGREGADA--NOMBRE DE ENTIDAD CORPORATIVA | |
| Nombre de entidad corporativa o nombre de jurisdicción como elemento de entrada | GRUPO NORTE |
| Sede del congreso/Lugar de la reunión | Valladolid |
| 9 (RLIN) | 9180 |
| 710 ## - ENTRADA AGREGADA--NOMBRE DE ENTIDAD CORPORATIVA | |
| Nombre de entidad corporativa o nombre de jurisdicción como elemento de entrada | <EL> CASERIO |
| 9 (RLIN) | 9182 |
| 710 ## - ENTRADA AGREGADA--NOMBRE DE ENTIDAD CORPORATIVA | |
| Nombre de entidad corporativa o nombre de jurisdicción como elemento de entrada | HENANDEZ ZAMORA |
| Sede del congreso/Lugar de la reunión | Murcia |
| 9 (RLIN) | 9183 |
| 710 ## - ENTRADA AGREGADA--NOMBRE DE ENTIDAD CORPORATIVA | |
| Nombre de entidad corporativa o nombre de jurisdicción como elemento de entrada | CALVO ESTEIRO |
| 9 (RLIN) | 9184 |
| 710 ## - ENTRADA AGREGADA--NOMBRE DE ENTIDAD CORPORATIVA | |
| Nombre de entidad corporativa o nombre de jurisdicción como elemento de entrada | BANCO ZARAGOZANO |
| Sede del congreso/Lugar de la reunión | Madrid |
| 9 (RLIN) | 9185 |
| 710 ## - ENTRADA AGREGADA--NOMBRE DE ENTIDAD CORPORATIVA | |
| Nombre de entidad corporativa o nombre de jurisdicción como elemento de entrada | CAJA DE AHORROS DEL MEDITERRANEO |
| Sede del congreso/Lugar de la reunión | Alicante |
| 9 (RLIN) | 9186 |
| 710 ## - ENTRADA AGREGADA--NOMBRE DE ENTIDAD CORPORATIVA | |
| Nombre de entidad corporativa o nombre de jurisdicción como elemento de entrada | RADIO TELEVISION VALENCIANA |
| Unidad subordinada | Canal 9 |
| 9 (RLIN) | 9187 |
| 710 ## - ENTRADA AGREGADA--NOMBRE DE ENTIDAD CORPORATIVA | |
| Nombre de entidad corporativa o nombre de jurisdicción como elemento de entrada | HOGAR DEL EMPLEADO |
| Sede del congreso/Lugar de la reunión | Madrid |
| 9 (RLIN) | 9188 |
| 710 ## - ENTRADA AGREGADA--NOMBRE DE ENTIDAD CORPORATIVA | |
| Nombre de entidad corporativa o nombre de jurisdicción como elemento de entrada | HOTEL GRAN TINERFE |
| Sede del congreso/Lugar de la reunión | Tenerife |
| 9 (RLIN) | 9189 |
| 710 ## - ENTRADA AGREGADA--NOMBRE DE ENTIDAD CORPORATIVA | |
| Nombre de entidad corporativa o nombre de jurisdicción como elemento de entrada | VANYERA |
| Sede del congreso/Lugar de la reunión | Las Palmas de Gran Canaria |
| 9 (RLIN) | 9190 |
| 710 ## - ENTRADA AGREGADA--NOMBRE DE ENTIDAD CORPORATIVA | |
| Nombre de entidad corporativa o nombre de jurisdicción como elemento de entrada | VIRIATO |
| Sede del congreso/Lugar de la reunión | A Coruña |
| 9 (RLIN) | 9191 |
| 710 ## - ENTRADA AGREGADA--NOMBRE DE ENTIDAD CORPORATIVA | |
| Nombre de entidad corporativa o nombre de jurisdicción como elemento de entrada | FABRICA DE LOZA SAN CLAUDIO |
| Sede del congreso/Lugar de la reunión | Oviedo |
| 9 (RLIN) | 9192 |
| 710 ## - ENTRADA AGREGADA--NOMBRE DE ENTIDAD CORPORATIVA | |
| Nombre de entidad corporativa o nombre de jurisdicción como elemento de entrada | LUCENT TECHNOLOGIES |
| Sede del congreso/Lugar de la reunión | Madrid |
| 9 (RLIN) | 9193 |
| 710 ## - ENTRADA AGREGADA--NOMBRE DE ENTIDAD CORPORATIVA | |
| Nombre de entidad corporativa o nombre de jurisdicción como elemento de entrada | DELPHI COLVEGASA |
| 9 (RLIN) | 9194 |
| 710 ## - ENTRADA AGREGADA--NOMBRE DE ENTIDAD CORPORATIVA | |
| Nombre de entidad corporativa o nombre de jurisdicción como elemento de entrada | KRAFT JACOBS SUCHARD IBERIA |
| Sede del congreso/Lugar de la reunión | Madrid |
| 9 (RLIN) | 9195 |
| 710 ## - ENTRADA AGREGADA--NOMBRE DE ENTIDAD CORPORATIVA | |
| Nombre de entidad corporativa o nombre de jurisdicción como elemento de entrada | ADECCO |
| Sede del congreso/Lugar de la reunión | Madrid |
| 9 (RLIN) | 9196 |
| 710 ## - ENTRADA AGREGADA--NOMBRE DE ENTIDAD CORPORATIVA | |
| Nombre de entidad corporativa o nombre de jurisdicción como elemento de entrada | RADIO POPULAR COPE |
| Sede del congreso/Lugar de la reunión | Madrid |
| 9 (RLIN) | 9197 |
| 710 ## - ENTRADA AGREGADA--NOMBRE DE ENTIDAD CORPORATIVA | |
| Nombre de entidad corporativa o nombre de jurisdicción como elemento de entrada | HERTZ ESPAÑA |
| Sede del congreso/Lugar de la reunión | Madrid |
| 9 (RLIN) | 9198 |
| 710 ## - ENTRADA AGREGADA--NOMBRE DE ENTIDAD CORPORATIVA | |
| Nombre de entidad corporativa o nombre de jurisdicción como elemento de entrada | FERROCARRILES DE VIA ESTRECHA |
| Sede del congreso/Lugar de la reunión | Madrid |
| 9 (RLIN) | 9199 |
| 710 ## - ENTRADA AGREGADA--NOMBRE DE ENTIDAD CORPORATIVA | |
| Nombre de entidad corporativa o nombre de jurisdicción como elemento de entrada | GENERAL ELECTRIC |
| Unidad subordinada | Power Controls Ibérica |
| Sede del congreso/Lugar de la reunión | Madrid |
| 9 (RLIN) | 9200 |
| 710 ## - ENTRADA AGREGADA--NOMBRE DE ENTIDAD CORPORATIVA | |
| Nombre de entidad corporativa o nombre de jurisdicción como elemento de entrada | AKI BRICOLAGE |
| Sede del congreso/Lugar de la reunión | Barcelona |
| 9 (RLIN) | 9178 |
| 710 ## - ENTRADA AGREGADA--NOMBRE DE ENTIDAD CORPORATIVA | |
| Nombre de entidad corporativa o nombre de jurisdicción como elemento de entrada | COMUNIDADES EUROPEAS |
| Unidad subordinada | Iniciativa NOW |
| -- | Programa OPTIMA |
| 9 (RLIN) | 2114 |
| 856 ## - LOCALIZACIÓN Y ACCESO ELECTRÓNICOS | |
| Nota pública | PDF1 |
| Identificador Uniforme de Recursos | <a href="http://docpublicos.ccoo.es/cendoc/014300InformeProyectoOptimaEmpresasAutonomicas2000.pdf">http://docpublicos.ccoo.es/cendoc/014300InformeProyectoOptimaEmpresasAutonomicas2000.pdf</a> |
| 856 ## - LOCALIZACIÓN Y ACCESO ELECTRÓNICOS | |
| Nota pública | PDF2 |
| Identificador Uniforme de Recursos | <a href="http://docpublicos.ccoo.es/cendoc/014301InformeProyectoOptima2000.pdf">http://docpublicos.ccoo.es/cendoc/014301InformeProyectoOptima2000.pdf</a> |
| 901 ## - ELEMENTOS DE DATOS A LOCAL LDA (RLIN) | |
| a | 2 |
| 903 ## - ELEMENTOS DE DATOS C LOCAL, LDC (RLIN) | |
| a | NO |
| 904 ## - ELEMENTOS DE DATOS D LOCAL, LDD (RLIN) | |
| a | 000 |
| 953 ## - | |
| -- | 2001-04-23 |
| -- | DOCU_ELEC |
| 910 ## - DATOS DE OPCIÓN DEL USUARIO (OCLC) | |
| Datos de opción del usuario | 2001 |
| 942 ## - ELEMENTOS DE ENTRADA SECUNDARIOS (KOHA) | |
| Tipo de ítem Koha | Documento Electrónico |
| Estatus retirado | Estado de pérdida | Estado de daño | No para préstamo | Biblioteca de origen | Biblioteca actual | Fecha de adquisición | Número de inventario | Total de préstamos | Código de barras | Visto por última vez | Precio de reemplazo | Tipo de ítem Koha |
|---|---|---|---|---|---|---|---|---|---|---|---|---|
| CENDO | CENDO | 23/04/2001 | 14300 | CENDO_56400 | 27/02/2023 | 27/02/2023 | Documento Electrónico | |||||
| CENDO | CENDO | 23/04/2001 | 14301 | CENDO_56401 | 27/02/2023 | 27/02/2023 | Documento Electrónico |